Programmed graphics
| Main Author: | |
|---|---|
| Format: | Section = Libro |
| Language: | Undetermined Spanish |
| Published: |
New York
McGraw-Hill
1967
|
| Subjects: |
| LEADER | 00452nam a2200181Ia 4500 | ||
|---|---|---|---|
| 008 | 240829s9999 xx 000 0 und d | ||
| 040 | |a BIBLIOTECA-RUSB/ 720.28 S357 | ||
| 041 | |a spa | ||
| 082 | |a 720.28 S357 | ||
| 100 | 1 | |a Schneerer, William F | |
| 245 | 1 | 0 | |a Programmed graphics |
| 260 | |a New York |b McGraw-Hill |c 1967 | ||
| 300 | |a 520 p. :il. | ||
| 650 | 7 | |a ARQUITECTURA | |
| 650 | 7 | |b DIBUJO ARQUITECTONICO | |
| 942 | |c BK |2 ddc | ||
| 991 | |a TEXTO | ||
| 999 | |c 5005 | ||